| 000 | 00627nam a2200205 u 4500 | ||
|---|---|---|---|
| 005 | 20230316063605.0 | ||
| 008 | 141128s2007 r 000 0 eng d | ||
| 020 | _a9788489825963 | ||
| 035 | _aUPN01000200908 | ||
| 049 | _aI | ||
| 050 | 4 |
_aPZ7 _bG3.4 2007 |
|
| 245 | 0 | 3 |
_aLa Gallinita roja : _bcuento tradicional inglés / _cil. Auria G. Galcerán ; tr. Ignasí Roda Fàbregas. |
| 250 | _a2a ed. | ||
| 260 |
_aBarcelona, Esp. : _bING, _c2007. |
||
| 300 |
_a[22] p. : _bil. col. |
||
| 650 | 4 |
_aCuentos infantiles ingleses _910002 |
|
| 650 | 0 |
_aAnimales _vCuentos y leyendas _9234 |
|
| 905 | _aInfantil | ||
| 999 |
_c173009 _d173009 |
||